000 00275nam a2200121Ia 4500
008 190216s9999||||xx |||||||||||||| ||und||
100 _aGopalan N
245 0 _aSelections From C P Snow
260 _bOrient Longman
_c1975
300 _a83p
650 _aEnglish
942 _cBK
999 _c12602
_d12602